<?xml version="1.0" encoding="UTF-8"?>
<record
    xmlns:xsi="http://www.w3.org/2001/XMLSchema-instance"
    xsi:schemaLocation="http://www.loc.gov/MARC21/slim http://www.loc.gov/standards/marcxml/schema/MARC21slim.xsd"
    xmlns="http://www.loc.gov/MARC21/slim">

  <leader>02792cam a22003015a 4500</leader>
  <controlfield tag="001">18097349</controlfield>
  <controlfield tag="005">20201128023916.0</controlfield>
  <controlfield tag="008">140331t2015    maua   fr     001 0 eng d</controlfield>
  <datafield tag="020" ind1=" " ind2=" ">
    <subfield code="a">9781305115088</subfield>
  </datafield>
  <datafield tag="020" ind1=" " ind2=" ">
    <subfield code="a">1305115082</subfield>
  </datafield>
  <datafield tag="040" ind1=" " ind2=" ">
    <subfield code="a">UKMGB</subfield>
    <subfield code="b">eng</subfield>
    <subfield code="c">UKMGB</subfield>
    <subfield code="d">OCLCO</subfield>
    <subfield code="d">OCLCF</subfield>
    <subfield code="d">YDXCP</subfield>
    <subfield code="d">BTCTA</subfield>
    <subfield code="d">UOK</subfield>
    <subfield code="d">MOU</subfield>
    <subfield code="d">DLC</subfield>
    <subfield code="d">EG-ScBUE</subfield>
  </datafield>
  <datafield tag="082" ind1="0" ind2="4">
    <subfield code="a">005.740684</subfield>
    <subfield code="2">22</subfield>
    <subfield code="b">BAK</subfield>
  </datafield>
  <datafield tag="100" ind1="1" ind2=" ">
    <subfield code="a">Baker, Pam.</subfield>
  </datafield>
  <datafield tag="245" ind1="1" ind2="0">
    <subfield code="a">Data divination :</subfield>
    <subfield code="b">big data strategies /</subfield>
    <subfield code="c">Pam Baker.</subfield>
  </datafield>
  <datafield tag="260" ind1=" " ind2=" ">
    <subfield code="a">Boston :</subfield>
    <subfield code="b">Cengage Learning PTR,</subfield>
    <subfield code="c">c.2015.</subfield>
  </datafield>
  <datafield tag="300" ind1=" " ind2=" ">
    <subfield code="a">xvi, 416 p. :</subfield>
    <subfield code="b">ill. ;</subfield>
    <subfield code="c">24 cm.</subfield>
  </datafield>
  <datafield tag="500" ind1=" " ind2=" ">
    <subfield code="a">Index : p. 407-416.</subfield>
  </datafield>
  <datafield tag="505" ind1="0" ind2=" ">
    <subfield code="a">What is big data, really? -- How to fomulate a winning big data strategy -- How to ask the "right" questions of big data -- How to pick the "right" data sources -- Why the answer to your big data question resembles a Rubik's cube -- The role of real-time analytics in rolling your strategy -- The big data value propostion and monetization -- Rise of the collaborative economy and ways to profit from it -- The privacy conundrum -- Use cases in the department of defense and intelligence community -- Use cases in governments -- Use cases in security -- Use cases in healthcare -- Use cases in small businesses and farms -- Use cases in transportation -- Use cases in energy -- Uses cases in retail -- Use cases in banking and financial services -- Use cases in manufacturing -- Empowering the workforce -- Executive summary.</subfield>
  </datafield>
  <datafield tag="520" ind1=" " ind2=" ">
    <subfield code="a">Our world is being transformed by big data. The growth of the Internet and the rapid expansion of mobile communications and related technologies have created a massive flow of data--both structured and unstructured. The availability and use of that data has enormous implications for businesses and for the wider society. Used effectively, big data can drive businesses in the direction of more accurate analyses of vital information, leading ultimately to greater operational efficiencies, cost reductions, reduced risk, speedier innovations, and increased and new revenue. In this book, you'll find detailed instruction in big data strategy development and implementation, supported by numerous real-world business cases in ten distinct industries. You will learn what big data is and how to wield it--from calculating ROI and making a business case to developing overall and project-specific strategies that actually work. Each chapter answers key questions and will give you the skills you need to make your big data projects succeed.</subfield>
  </datafield>
  <datafield tag="650" ind1=" " ind2="7">
    <subfield code="a">Information technology</subfield>
    <subfield code="x">Management.</subfield>
    <subfield code="2">BUEsh</subfield>
    <subfield code="9">12426</subfield>
  </datafield>
  <datafield tag="650" ind1=" " ind2="7">
    <subfield code="a">Big data.</subfield>
    <subfield code="2">BUEsh</subfield>
    <subfield code="9">36502</subfield>
  </datafield>
  <datafield tag="650" ind1=" " ind2="7">
    <subfield code="a">Business</subfield>
    <subfield code="x">Data processing.</subfield>
    <subfield code="2">BUEsh</subfield>
    <subfield code="9">1676</subfield>
  </datafield>
  <datafield tag="650" ind1=" " ind2="7">
    <subfield code="a">Database management.</subfield>
    <subfield code="2">BUEsh</subfield>
    <subfield code="9">11309</subfield>
  </datafield>
  <datafield tag="651" ind1=" " ind2=" ">
    <subfield code="2">BUEsh</subfield>
  </datafield>
  <datafield tag="653" ind1=" " ind2=" ">
    <subfield code="b">COMSCI</subfield>
    <subfield code="c">October2016</subfield>
  </datafield>
  <datafield tag="700" ind1="1" ind2=" ">
    <subfield code="a">Gourley, Bob,</subfield>
  </datafield>
  <datafield tag="942" ind1=" " ind2=" ">
    <subfield code="2">ddc</subfield>
  </datafield>
  <datafield tag="999" ind1=" " ind2=" ">
    <subfield code="c">22709</subfield>
    <subfield code="d">22681</subfield>
  </datafield>
  <datafield tag="952" ind1=" " ind2=" ">
    <subfield code="0">0</subfield>
    <subfield code="1">0</subfield>
    <subfield code="2">ddc</subfield>
    <subfield code="4">0</subfield>
    <subfield code="7">0</subfield>
    <subfield code="8">Baccah</subfield>
    <subfield code="a">MAIN</subfield>
    <subfield code="b">MAIN</subfield>
    <subfield code="c">LOW</subfield>
    <subfield code="d">2016-10-19</subfield>
    <subfield code="e">Purchase</subfield>
    <subfield code="g">423.00</subfield>
    <subfield code="h">9128</subfield>
    <subfield code="l">0</subfield>
    <subfield code="o">005.740684 BAK</subfield>
    <subfield code="p">000034330</subfield>
    <subfield code="r">2025-07-15 00:00:00</subfield>
    <subfield code="v">528.75</subfield>
    <subfield code="y">BB</subfield>
  </datafield>
</record>
